| 000 | 00804nas a2200253 4500 | ||
|---|---|---|---|
| 001 | BR9511646 | ||
| 003 | BR-BrBNA | ||
| 005 | 20231205095613.0 | ||
| 007 | ta | ||
| 008 | 230509b bl.|||p| |||| 00| 00por d | ||
| 040 |
_aBR-BrBNA _bpor _cBiblioteca Nacional de Agricultura |
||
| 041 | _a(Pt) | ||
| 072 | _aJ11 | ||
| 100 | 1 | _aArgenta, L.C. | |
| 100 | 1 | _aDenardi, F. | |
| 245 | 1 | _aPerdas fisico-quimicas mensais de macas "Gala" e "Fuji" durante a armazenagem em atmosfera controlada e frio convencional | |
| 650 | _aMaca | ||
| 650 | _aArmazenamento | ||
| 650 | _aPos-Colheita | ||
| 650 | _aPerda Pos-Colheita | ||
| 773 | 0 |
_tRevista Brasileira de Fruticultura (Brazil) _xISSN 0100-2945 _g(1994), v. 16(3) p. 111-118 _wBR9511646 |
|
| 909 |
_a202311 _bLúcia _c55 _dLúcia Elande |
||
| 942 |
_2AGRIS _n0 _cANA |
||
| 999 |
_c151640 _d151640 |
||